Formula 1: Drivers with Most Points in Total 2003-2009 - Statistics

General Stats
  • This quiz has been taken 713 times
  • The average score is 17 of 19
Answer Stats
Points Driver Country Teams % Correct
577 Fernando Alonso Spain Renault, McLaren
100%
546 Kimi Räikkönen Finland McLaren, Ferrari
99%
424 Michael Schumacher Germany Ferrari
99%
152 Ralf Schumacher Germany Williams, Toyota
99%
299 Jenson Button United Kingdom BAR, Honda, Brawn
98%
316 Felipe Massa Brazil Sauber, Ferrari
96%
256 Lewis Hamilton United Kingdom McLaren
96%
125 Sebastian Vettel Germany BMW, Toro Rosso, Red Bull
96%
167.5 Mark Webber Australia Jaguar, Williams, Red Bull
94%
335 Rubens Barrichello Brazil Ferrari, Honda, Brawn
94%
137 Robert Kubica Poland BMW
92%
226 Juan Pablo Montoya Colombia Williams, McLaren
91%
135 David Coulthard United Kingdom McLaren, Red Bull
85%
193 Giancarlo Fisichella Italy Jordan, Sauber, Renault, Force India, Ferrari
79%
208.5 Jarno Trulli Italy Renault, Toyota
79%
105 Heikki Kovalainen Finland Renault, McLaren
78%
200 Nick Heidfeld Germany Sauber, Jordan, Williams, BMW
73%
75.5 Nico Rosberg Germany Williams
72%
51 Timo Glock Germany Jordan, Toyota
56%
No matching quizzes found
Score Distribution
Percent of People with Each Score
Percentile by Number Answered
Your Score History
You have not taken this quiz